La orientación vocacional como proceso: teoría, técnica y práctica
সংরক্ষণ করুন:
| প্রধান লেখক: | |
|---|---|
| বিন্যাস: | গ্রন্থ |
| ভাষা: | স্প্যানিশ |
| প্রকাশিত: |
Buenos Aires
El Ateneo
1995
|
| সংস্করন: | 3a. ed |
| বিষয়গুলি: | |
| ট্যাগগুলো: |
ট্যাগ যুক্ত করুন
কোনো ট্যাগ নেই, প্রথমজন হিসাবে ট্যাগ করুন!
|
MARC
| LEADER | 00000cam a2200000 a 4500 | ||
|---|---|---|---|
| 001 | UCD6863 | ||
| 003 | CL-VaPUC | ||
| 008 | 170226e19950000ag |||||||||||||||||spa|d | ||
| 020 | |a 9500257882 | ||
| 082 | 0 | 4 | |a 371.425 |b LOP |2 21 |
| 100 | |a López Bonelli, Angela R. |e autora |9 590713 | ||
| 245 | 1 | 3 | |a La orientación vocacional como proceso: teoría, técnica y práctica |
| 250 | |a 3a. ed | ||
| 300 | |a 210 p | ||
| 942 | |c BK | ||
| 945 | |d 20170226 00:48:00 |a arojas | ||
| 260 | |a Buenos Aires |b El Ateneo |c 1995 | ||
| 650 | 0 | |a Orientación vocacional |9 255692 | |
| 650 | 0 | |a Rol del docente |9 329733 | |
| 650 | 0 | |a Psicología educacional |9 307830 | |
| 583 | |a last modification |c 20170226 00:48:00 |k Rodrigo Vera | ||
| 999 | |c 367040 |d 367038 | ||
| 952 | |0 0 |1 0 |3 erb |4 0 |6 371_425000000000000_LOP_1995 |7 0 |8 A |9 481722 |a BIBENE |b BIBENE |i 5327652 |o 371.425 LOP 1995 |p 5327652 |r 2025-01-15 |w 2019-11-24 |y BK |z Catalogado en:20170226 |k ICO | ||